|
|
|
|
| LEADER |
00854cam a2200241 7i4500 |
| 001 |
0000033886 |
| 005 |
20170601090000.0 |
| 007 |
##ta |
| 008 |
170601s2016 br a r 000 0 eng |
| 040 |
# |
# |
|a MATR
|
| 090 |
0 |
0 |
|a MYAN 338.7687025591
|b MYA
|
| 245 |
0 |
0 |
|a Myanmar Textile & Garment Directory 2016-17.
|
| 264 |
# |
1 |
|a Yangon, Myanmar:
|b MMRD Publication Services,
|c 2016.
|
| 300 |
# |
# |
|a 212 pages:
|b color photographs;
|c 26 cm.
|
| 336 |
# |
# |
|a text
|2 rdacontent
|
| 337 |
# |
# |
|a unmediated
|2 rdamedia
|
| 338 |
# |
# |
|a volume
|2 rdacarrier
|
| 504 |
# |
# |
|a Includes bibliographical references and index
|
| 650 |
# |
0 |
|a Textile industry --
|z Myanmar
|
| 650 |
# |
0 |
|a Clothing trade --
|z Myanmar
|
| 710 |
2 |
# |
|a Myanmar Marketing Research & Development
|
| 710 |
2 |
# |
|a Myanmar Garment Manufactures Association
|
| 999 |
|
|
|a B000038199
|b Directories
|c Countries
|e Business Information Centre
|